[Event "S. A. Group BAN-chT 2018"]
[Site "Dhaka"]
[Date "2018.12.09"]
[Round "4"]
[White "Islam, Kh. Aminul"]
[Black "Subhayan Kundu"]
[Result "0-1"]
[WhiteElo "2253"]
[BlackElo "2185"]
[Annotator "NA"]
[PlyCount "124"]
[EventDate "2018.12.07"]
[EventType "team-tourn"]
[EventCountry "BAN"]
[SourceTitle "playchess.com"]
[Source "ChessBase"]
[SourceQuality "1"]
[TimeControl "5400+30"]

1. d4 {[%emt 0:00:00]} c5 {[%emt 0:00:00]} 2. e3 {[%emt 0:00:45]} Nf6 {[%emt 0:00:10]} 3. Nf3 {[%emt 0:00:17]} g6 {[%emt 0:00:05]} 4. Be2 {[%emt 0:02:22]} Bg7 {[%emt 0:00:14]} 5. O-O {[%emt 0:01:02]} O-O {[%emt 0:02:22]} 6. b3 {[%emt 0:14:42]} b6 {[%emt 0:03:09]} 7. Bb2 {[%emt 0:01:00]} Bb7 {[%emt 0:00:01]} 8. Nbd2 {[%emt 0:03:09]} d6 {[%emt 0:01:33]} 9. Re1 {[%emt 0:04:33]} Nbd7 {[%emt 0:00:03]} 10. c4 {[%emt 0:01:33]} Re8 {[%emt 0:02:38]} 11. Qc2 {[%emt 0:13:31]} e5 {[%emt 0:08:42]} 12. dxe5 {[%emt 0:11:32]} dxe5 {[%emt 0:00:16]} 13. Red1 {[%emt 0:09:18]} Qc7 {[%emt 0:03:41]} 14. Nf1 {[%emt 0:02:36]} e4 {[%emt 0:03:22]} 15. Ne1 {[%emt 0:01:01]} Ne5 {[%emt 0:01:33]} 16. Bc3 {[%emt 0:00:53]} h5 {[%emt 0:05:00]} 17. Qd2 {[%emt 0:05:02]} Nh7 {[%emt 0:10:58]} 18. Rac1 {[%emt 0:01:56]} Ng5 {[%emt 0:15:34]} 19. Kh1 {[%emt 0:00:55]} Nef3 {[%emt 0:10:41]} 20. Qb2 {[%emt 0:03:53]} Ne5 {[%emt 0:00:04]} 21. Rd2 {[%emt 0:08:02]} Qe7 {[%emt 0:01:45]} 22. Rcd1 {[%emt 0:01:50]} Qf6 {[%emt 0:01:13]} 23. Bxe5 {[%emt 0:00:51]} Rxe5 {[%emt 0:00:35]} 24. Kg1 {[%emt 0:00:39]} Nh3+ {[%emt 0:00:12]} 25. gxh3 {[%emt 0:00:58]} Rg5+ {[%emt 0:00:04]} 26. Ng3 {[%emt 0:00:28]} Qxb2 {[%emt 0:00:18]} 27. Rxb2 {[%emt 0:00:06]} Bxb2 {[%emt 0:00:16]} 28. Rd7 {[%emt 0:00:43]} Rb8 {[%emt 0:00:01]} 29. Ng2 {[%emt 0:00:35]} Re5 {[%emt 0:01:48]} 30. Nf4 {[%emt 0:03:42]} h4 {[%emt 0:00:59]} 31. Nf1 {[%emt 0:00:02]} Ree8 {[%emt 0:00:13]} 32. Nd5 {[%emt 0:01:10]} Kf8 {[%emt 0:01:46]} 33. Nd2 {[%emt 0:01:27]} Red8 {[%emt 0:00:01]} 34. Rxd8+ {[%emt 0:01:12]} Rxd8 {[%emt 0:00:15]} 35. Nxe4 {[%emt 0:00:22]} Bxd5 {[%emt 0:00:01]} 36. cxd5 {[%emt 0:00:42]} Rxd5 {[%emt 0:00:02]} 37. Bc4 {[%emt 0:00:29]} Rd1+ {[%emt 0:00:00]} 38. Kg2 {[%emt 0:00:16]} f6 {[%emt 0:01:39]} 39. a4 {[%emt 0:01:03]} Ke7 {[%emt 0:00:54]} 40. Be2 {[%emt 0:00:49]} Rd8 {[%emt 0:01:19]} 41. Bc4 {[%emt 0:01:03]} Be5 {[%emt 0:00:21]} 42. f4 {[%emt 0:04:31]} Bc7 43. Nc3 Rd2+ 44. Kg1 f5 45. Nd5+ Kd6 46. Nc3 Bd8 47. Nb5+ Kd7 48. Nxa7 g5 49. Nb5 gxf4 50. exf4 Bf6 51. Kh1 Bd4 52. Bf1 Be3 53. Nc3 Bxf4 54. Bc4 Kd6 55. Ne2 Ke5 56. Kg2 Ke4 57. Kf2 Be5 58. Bb5 Bd4+ 59. Ke1 Ke3 60. Kf1 f4 61. Nxd4 cxd4 62. b4 {[%emt 0:05:41]} Rd1+ 0-1

[Event "S. A. Group BAN-chT 2018"]
[Site "Dhaka"]
[Date "2018.12.09"]
[Round "4"]
[White "Anata, Choudhury"]
[Black "Ahmed, Sk. Nasir"]
[Result "1/2-1/2"]
[WhiteElo "2169"]
[BlackElo "2119"]
[Annotator "NA"]
[PlyCount "45"]
[EventDate "2018.12.07"]
[EventType "team-tourn"]
[EventCountry "BAN"]
[SourceTitle "playchess.com"]
[Source "ChessBase"]
[SourceQuality "1"]
[TimeControl "5400+30"]

1. e4 {[%emt 0:23:02]} c5 {[%emt 0:00:00]} 2. Nf3 {[%emt 0:00:12]} d6 {[%emt 0:00:00]} 3. d4 {[%emt 0:00:09]} cxd4 {[%emt 0:00:00]} 4. Nxd4 {[%emt 0:00:06]} Nf6 {[%emt 0:00:04]} 5. Nc3 {[%emt 0:00:05]} Nc6 {[%emt 0:00:10]} 6. Bg5 {[%emt 0:00:13]} e6 {[%emt 0:00:05]} 7. Qd2 {[%emt 0:00:08]} a6 {[%emt 0:00:42]} 8. O-O-O {[%emt 0:00:11]} Bd7 {[%emt 0:00:22]} 9. f4 {[%emt 0:00:14]} Be7 {[%emt 0:00:17]} 10. Nf3 {[%emt 0:00:32]} b5 {[%emt 0:00:51]} 11. Bxf6 {[%emt 0:02:12]} gxf6 {[%emt 0:00:12]} 12. f5 {[%emt 0:00:14]} Qb6 {[%emt 0:09:17]} 13. Kb1 {[%emt 0:01:03]} O-O-O {[%emt 0:11:12]} 14. g3 {[%emt 0:03:55]} Kb8 {[%emt 0:15:39]} 15. fxe6 {[%emt 0:01:36]} fxe6 {[%emt 0:00:06]} 16. Bh3 {[%emt 0:03:02]} Qc5 {[%emt 0:23:32]} 17. Ne2 {[%emt 0:25:26]} Ne5 {[%emt 0:26:59]} 18. Nfd4 {[%emt 0:07:08]} Nc4 {[%emt 0:00:05]} 19. Qc1 {[%emt 0:11:15]} e5 {[%emt 0:01:49]} 20. Ne6 {[%emt 0:09:50]} Bxe6 {[%emt 0:01:39]} 21. Bxe6 {[%emt 0:00:08]} h5 {[%emt 0:03:45]} 22. Rd3 Bf8 {[%emt 0:00:30]} 23. Qe1 1/2-1/2

[Event "S. A. Group BAN-chT 2018"]
[Site "Dhaka"]
[Date "2018.12.09"]
[Round "4"]
[White "Hossain, Showkat Pollab"]
[Black "Abu Sufian, Shakil"]
[Result "1/2-1/2"]
[WhiteElo "2131"]
[BlackElo "2230"]
[Annotator "NA"]
[PlyCount "54"]
[EventDate "2018.12.07"]
[EventType "team-tourn"]
[EventCountry "BAN"]
[SourceTitle "playchess.com"]
[Source "ChessBase"]
[SourceQuality "1"]
[TimeControl "5400+30"]

1. e4 {[%emt 0:00:00]} c6 {[%emt 0:00:00]} 2. d4 {[%emt 0:00:00]} d5 {[%emt 0:00:00]} 3. Nc3 {[%emt 0:00:00]} dxe4 {[%emt 0:00:00]} 4. Nxe4 {[%emt 0:00:00]} Bf5 {[%emt 0:00:20]} 5. Ng3 {[%emt 0:00:00]} Bg6 {[%emt 0:00:05]} 6. Bc4 {[%emt 0:00:04]} e6 {[%emt 0:02:33]} 7. N1e2 {[%emt 0:00:06]} Nf6 {[%emt 0:05:12]} 8. Nf4 {[%emt 0:00:20]} Bd6 {[%emt 0:00:57]} 9. c3 {[%emt 0:02:57]} Qc7 {[%emt 0:12:28]} 10. Qf3 {[%emt 0:01:47]} Nd5 {[%emt 0:00:58]} 11. Nxg6 {[%emt 0:03:01]} hxg6 {[%emt 0:01:13]} 12. h3 {[%emt 0:03:07]} Nd7 {[%emt 0:02:11]} 13. Ne4 {[%emt 0:02:50]} Be7 {[%emt 0:00:43]} 14. Bg5 {[%emt 0:07:19]} N7f6 {[%emt 0:01:30]} 15. Nxf6+ {[%emt 0:01:52]} gxf6 {[%emt 0:01:04]} 16. Bxd5 {[%emt 0:05:32]} fxg5 {[%emt 0:00:25]} 17. Bb3 {[%emt 0:00:17]} a5 {[%emt 0:08:27]} 18. Bc4 {[%emt 0:02:32]} a4 {[%emt 0:01:48]} 19. Kf1 {[%emt 0:09:35]} Ra5 {[%emt 0:01:43]} 20. Re1 {[%emt 0:02:55]} Rf5 {[%emt 0:11:20]} 21. Qe2 {[%emt 0:03:45]} Kf8 {[%emt 0:01:31]} 22. Bd3 {[%emt 0:03:15]} Ra5 {[%emt 0:00:18]} 23. g3 {[%emt 0:01:04]} Kg7 {[%emt 0:01:25]} 24. Kg2 {[%emt 0:00:36]} Bf6 {[%emt 0:01:15]} 25. Qc2 {[%emt 0:03:45]} Rd8 {[%emt 0:11:28]} 26. Re2 {[%emt 0:03:12]} Qd6 {[%emt 0:02:24]} 27. Be4 {[%emt 0:02:36]} Qc7 {[%emt 0:04:41]} 1/2-1/2

[Event "S. A. Group BAN-chT 2018"]
[Site "Dhaka"]
[Date "2018.12.09"]
[Round "4"]
[White "Uten"]
[Black "Hasan, Eunus"]
[Result "0-1"]
[WhiteElo "2114"]
[BlackElo "2154"]
[Annotator "NA"]
[PlyCount "85"]
[EventDate "2018.12.07"]
[EventType "team-tourn"]
[EventCountry "BAN"]
[SourceTitle "playchess.com"]
[Source "ChessBase"]
[SourceQuality "1"]
[TimeControl "5400+30"]

1. e4 {[%emt 1:30:30]} c5 {[%emt 1:30:30]} 2. Nf3 {[%emt 0:00:30]} e6 {[%emt 0:00:30]} 3. d4 {[%emt 0:00:30]} cxd4 {[%emt 0:00:30]} 4. Nxd4 {[%emt 0:00:30]} a6 {[%emt 0:00:30]} 5. Bd3 {[%emt 0:00:30]} g6 {[%emt 0:00:30]} 6. O-O {[%emt 0:00:30]} Bg7 {[%emt 0:00:30]} 7. c3 {[%emt 0:00:30]} Ne7 {[%emt 0:00:30]} 8. Qe2 {[%emt 0:00:30]} Nbc6 {[%emt 0:00:30]} 9. Be3 {[%emt 0:00:30]} Ne5 {[%emt 0:00:30]} 10. Bc2 {[%emt 0:00:30]} d5 {[%emt 0:00:30]} 11. Nd2 {[%emt 0:00:30]} dxe4 {[%emt 0:00:30]} 12. Nxe4 {[%emt 0:00:30]} O-O {[%emt 0:00:30]} 13. Rad1 {[%emt 0:00:30]} Nd5 {[%emt 0:00:30]} 14. Bg5 {[%emt 0:00:30]} Qc7 {[%emt 0:00:30]} 15. Bb3 {[%emt 0:00:30]} h6 {[%emt 0:00:30]} 16. Bc1 {[%emt 0:00:30]} b5 {[%emt 0:00:30]} 17. Rfe1 {[%emt 0:00:30]} Bb7 {[%emt 0:00:30]} 18. Bc2 {[%emt 0:00:30]} Rac8 {[%emt 0:00:30]} 19. Ng3 {[%emt 0:00:30]} Nc4 {[%emt 0:00:30]} 20. Qg4 {[%emt 0:00:30]} e5 {[%emt 0:00:30]} 21. Ndf5 {[%emt 0:00:30]} Nf4 {[%emt 0:00:30]} 22. Bxf4 {[%emt 0:00:30]} exf4 {[%emt 0:00:30]} 23. Ne7+ {[%emt 0:00:30]} Kh7 {[%emt 0:00:30]} 24. Nxg6 {[%emt 0:00:30]} fxg3 {[%emt 0:00:30]} 25. hxg3 {[%emt 0:00:30]} fxg6 {[%emt 0:00:30]} 26. Rd7 {[%emt 0:00:30]} Qc6 {[%emt 0:00:30]} 27. Be4 {[%emt 0:00:30]} Ne5 {[%emt 0:00:30]} 28. Bxc6 {[%emt 0:00:30]} Nxg4 {[%emt 0:00:30]} 29. Bxb7 {[%emt 0:00:30]} Rce8 {[%emt 0:00:30]} 30. Rb1 {[%emt 0:00:30]} a5 {[%emt 0:00:30]} 31. f3 {[%emt 0:00:30]} Ne3 {[%emt 0:00:30]} 32. Be4 {[%emt 0:00:30]} b4 {[%emt 0:00:30]} 33. Re1 {[%emt 0:00:30]} Nf5 {[%emt 0:00:30]} 34. Kf2 {[%emt 0:00:30]} Rd8 {[%emt 0:00:30]} 35. Red1 {[%emt 0:00:30]} Rxd7 {[%emt 0:00:30]} 36. Rxd7 {[%emt 0:00:30]} bxc3 {[%emt 0:00:30]} 37. bxc3 {[%emt 0:00:30]} Rb8 {[%emt 0:00:30]} 38. f4 {[%emt 0:00:30]} h5 {[%emt 0:00:30]} 39. Kf3 {[%emt 0:00:30]} Rb2 {[%emt 0:00:30]} 40. a4 {[%emt 0:00:30]} Rb3 {[%emt 0:00:30]} 41. Rc7 {[%emt 0:00:30]} Rxc3+ {[%emt 0:00:30]} 42. Rxc3 {[%emt 0:00:30]} Bxc3 {[%emt 0:00:30]} 43. g4 {[%emt 0:00:30]} 0-1

[Event "S. A. Group BAN-chT 2018"]
[Site "Dhaka"]
[Date "2018.12.09"]
[Round "4"]
[White "abu, Hanif"]
[Black "Hossain, Enamul"]
[Result "0-1"]
[WhiteElo "2002"]
[BlackElo "2437"]
[Annotator "TA"]
[PlyCount "90"]
[EventDate "2018.12.07"]
[EventType "team-tourn"]
[EventCountry "BAN"]
[SourceTitle "playchess.com"]
[Source "ChessBase"]
[SourceQuality "1"]

{[%evp 11,90,12,20,13,5,9,16,-13,-14,-4,-8,-12,-8,-14,-19,-11,0,-16,0,-4,0,-21,-14,-42,-33,-34,-33,-75,-75,-81,-67,-70,-71,-79,-80,-82,-69,-89,-76,-104,-86,-104,-87,-100,-39,-49,-33,-96,-60,-70,-39,-23,-33,-33,-39,-31,-28,-81,-86,-138,-135,-133,-144,-137,-4,-339,-176,-365,-338,-360,-361,-336,-340,-616,-589,-437,-392,-494,-482,-1020,-1010]} 1. Nf3 c5 2. c4 g6 3. g3 Bg7 4. Bg2 Nc6 5. Nc3 e6 6. h4 {A37: Symmetrical English vs ...g6: 4 Bg2 Bg7 5 Nf3} (6. d4 cxd4 7. Nb5 d5 8. cxd5 Qa5+ 9. Nd2 exd5 10. Nd6+ Kf8 11. Nxc8 Rxc8 12. O-O Nge7 13. Nf3 h6 14. h4 Bf6 15. Bd2 Qb6 16. b4 Kg7 17. Rb1 {½-½ (40) Grischuk,A (2766)-So,W (2778) Paris 2018}) 6... h6 {LiveBook: 20 Games} 7. e3 Nge7 8. d4 {The position is equal.} cxd4 9. exd4 $146 ({Predecessor:} 9. Nxd4 Nxd4 10. exd4 d5 11. cxd5 Nxd5 12. Nxd5 exd5 13. Qb3 Qb6 14. Bxd5 Qxb3 15. axb3 O-O 16. O-O Rd8 17. Bc4 Be6 18. Bxe6 {½-½ (18) Ruck,R (2485)-Borgo,G (2444) Budapest 1999}) 9... d5 10. cxd5 exd5 11. Be3 O-O 12. Qd2 Nf5 13. O-O Re8 14. Rfe1 Be6 15. Rac1 Rc8 16. Bf1 Qd7 17. a3 Nxe3 18. Rxe3 Bg4 19. Bb5 Rxe3 20. Qxe3 Bxf3 21. Qxf3 Nxd4 22. Bxd7 Nxf3+ 23. Kg2 Rc7 {And now ...d4 would win.} 24. Kxf3 {Strongly threatening Ba4.} Rxd7 $15 {[%mdl 4096] Endgame KRB-KRN} 25. Nd1 Bf6 26. b4 Kg7 27. Rc2 d4 ({Black should play} 27... h5 $17) 28. Ke4 Rd6 29. b5 (29. Nb2 $15) 29... Re6+ 30. Kd3 Re1 31. Kd2 $1 {[%cal Rd2e1]} Re5 32. a4 $1 Bd8 33. Nb2 Rf5 34. Kd3 (34. f4 $11) 34... Rf3+ $1 $17 35. Ke4 (35. Kc4 $142) 35... Rc3 36. Rd2 Bb6 37. Kd5 {[#]} Ra3 (37... Rc5+ $1 $17 38. Kd6 Kf6) 38. Kd6 $2 {[%mdl 8192]} (38. Nc4 $11 {and White has nothing to worry.} Rxa4 39. Nxb6 axb6 40. Rxd4) 38... Ba5 (38... Ra2 $142 39. Nc4 Rxd2 40. Nxd2 d3) 39. Rxd4 $2 (39. Rd1 {might work better.}) 39... Bc3 $19 {[%mdl 64] Double Attack} 40. Nc4 Bxd4 ({Weaker is} 40... Rxa4 41. Rf4 $19) 41. Nxa3 Bxf2 42. Kc7 $2 (42. g4) 42... Bxg3+ 43. Kxb7 Bf2 44. a5 {[#]} g5 $1 {[%cal Rg5h4,Bg6g5,Bg5g4][%mdl 32]} 45. h5 (45. hxg5 $142 hxg5 46. Nc4) 45... g4 {Accuracy: White = 23%, Black = 47%.} 0-1

[Event "S. A. Group BAN-chT 2018"]
[Site "Dhaka"]
[Date "2018.12.09"]
[Round "4"]
[White "Jamal Uddin"]
[Black "Safarli, Eltaj"]
[Result "0-1"]
[WhiteElo "2001"]
[BlackElo "2671"]
[Annotator "TA"]
[PlyCount "102"]
[EventDate "2018.12.07"]
[EventType "team-tourn"]
[EventCountry "BAN"]
[SourceTitle "playchess.com"]
[Source "ChessBase"]
[SourceQuality "1"]

{[%evp 23,102,11,20,28,25,20,20,27,27,33,39,37,38,33,24,0,60,47,96,50,91,95,118,105,102,0,12,-18,52,0,0,0,0,-102,-96,-108,-105,-104,-108,-236,-97,-150,-140,-160,-159,-240,-249,-241,-240,-240,-208,-219,-200,-200,-192,-311,-202,-222,-201,-252,-179,-186,-181,-441,-443,-441,-439,-453,-440,-479,-483,-539,-539,-29979,-29980,-29994,-29995,-29995,-29985,-29985,-29986]} 1. Nf3 Nf6 2. c4 e6 3. d4 b6 4. g3 Ba6 5. Nbd2 Bb4 6. Qc2 Bb7 7. Bg2 Be4 8. Qb3 Bxd2+ 9. Bxd2 O-O 10. O-O d6 11. Rfd1 Nbd7 12. Rac1 h6 {LiveBook: 8 Games} 13. Ne1 $146 {[%cal Bf3e1,Be1g2,Bg2e3][%mdl 32] E15: Queen's Indian: 4 g3 sidelines, 4 g3 Ba6 and 4 g3 Bb7 early deviations} ({Predecessor:} 13. Bh3 Re8 14. Be3 a5 15. Nd2 Bb7 16. Nf1 a4 17. Qc2 Qe7 18. f3 c5 19. Bf2 Rec8 20. Qd2 d5 21. dxc5 bxc5 22. cxd5 Bxd5 {1-0 (45) Nikolic,P (2659)-Adams,M (2715) Wijk aan Zee 2000}) 13... Bxg2 14. Nxg2 Re8 15. Qc2 {The position is equal.} e5 16. Bc3 e4 17. Ne3 Qc8 18. Kg2 Nf8 19. d5 Nh5 (19... Ng4 $11) 20. Rf1 Nh7 21. h3 N5f6 {[%cal Bh5f6,Bf6g4,Bg4e3][%mdl 32]} 22. Qd2 Qd7 23. b3 h5 24. h4 (24. b4 $16) 24... Ng4 $1 $11 25. Rce1 Re7 (25... Nxe3+ $11 26. Qxe3 Qf5) 26. f3 ({White should try} 26. Nc2 $14) 26... Nxe3+ 27. Qxe3 Rae8 {And now ...exf3+ would win.} 28. fxe4 (28. f4 $11 {keeps the balance.}) 28... Rxe4 $17 29. Qf2 Nf8 30. e3 Ng6 31. Bd4 {[#]} (31. Kh2 $17 {might work better.}) 31... f6 (31... Nxh4+ $1 $19 {[%mdl 512] is more deadly.} 32. gxh4 Rg4+ 33. Kh2 Ree4) 32. Rh1 ({Better is} 32. Kh2) 32... Ne5 33. Bxe5 R8xe5 34. Qf3 (34. Re2 $17) 34... b5 $19 35. Re2 bxc4 36. bxc4 Rxc4 {aiming for ...Rf5.} 37. e4 Qa4 {[%cal Rc4e4]} 38. Rhe1 Qb4 39. Qd3 (39. Re3 $142) 39... Qc5 40. Qf3 a5 {[%cal Ba7a5,Ba5a4][%mdl 32]} 41. Re3 a4 42. R1e2 Qd4 43. g4 $2 (43. Rd3 {is a better defense.} Qc5 44. Rdd2) 43... hxg4 44. Qxg4 {[#]} f5 $1 {[%cal Bf6f5,Bf5e4,Be4e3][%mdl 544]} 45. Qg5 (45. exf5 Qxg4+) 45... fxe4 {[%mdl 64] Discovered Attack} 46. Qd8+ Kh7 47. Qd7 {Now Rg3 and White clings on.} Qxd5 {Threatens to win with ...Re6.} 48. Rg3 {[%csl Gg3][%cal Rd7g7]} e3+ $1 {Black mates.} 49. Kh3 Qh1+ 50. Rh2 Rxh4+ {[%mdl 64] Deflection, Decoy} 51. Kxh4 Qxh2+ {[%mdl 64] Double Attack. Accuracy: White = 30%, Black = 65%.} 0-1

[Event "S. A. Group BAN-chT 2018"]
[Site "Dhaka"]
[Date "2018.12.10"]
[Round "5"]
[White "Safarli, Eltaj"]
[Black "Khan, Jewel"]
[Result "1-0"]
[WhiteElo "2671"]
[BlackElo "1957"]
[Annotator "TA"]
[PlyCount "81"]
[EventDate "2018.12.07"]
[EventType "team-tourn"]
[EventCountry "BAN"]
[SourceTitle "playchess.com"]
[Source "ChessBase"]
[SourceQuality "1"]

{[%evp 19,81,0,-1,-22,0,3,27,14,32,14,14,14,15,14,21,16,18,36,28,-5,9,15,29,24,43,32,43,39,32,15,28,16,24,20,11,19,4,6,24,25,46,38,49,40,43,60,193,185,476,518,658,632,869,844,916,782,1158,1124,1132,1166,5775,2738,2440,2073]} 1. e4 e5 2. Nc3 Nf6 3. g3 Bc5 4. Bg2 a6 5. d3 d6 6. Nge2 Nc6 7. h3 O-O 8. O-O Nd4 {C26: Vienna Game: 2...Nf6, sidelines} (8... Be6 9. Kh2 d5 10. Bg5 dxe4 11. Nxe4 Be7 12. Bxf6 Bxf6 13. f4 Be7 14. f5 Bd7 15. f6 gxf6 16. g4 f5 17. gxf5 {1-0 (32) Mamedov,R (2709)-Alekseev,E (2616) Riadh 2017}) 9. Kh2 c6 10. Nxd4 Bxd4 {LiveBook: 7 Games. The position is equal.} 11. Ne2 {[%cal Bc3e2,Be2g3,Bg3f5][%mdl 32]} Ba7 12. f4 Nd7 $146 ({Predecessor:} 12... exf4 13. Bxf4 Ne8 14. Qd2 Nc7 15. d4 Ne6 16. Be3 {½-½ (79) Margolin,B (2447)-Derichs,R (2330) Germany 2009}) 13. g4 f6 14. Ng3 exf4 15. Bxf4 Ne5 16. Nf5 Ng6 17. Bg3 ({But not} 17. Bxd6 $2 Bxf5 18. e5 (18. Bxf8 $2 Qc7+ 19. Kh1 Bb8 $19) 18... Be6 $19) 17... Bb8 18. Qe1 Be6 19. Ne3 Bc7 20. d4 Bf7 21. Rd1 Qd7 22. Qf2 Rae8 23. c4 Ne7 24. Kh1 Bb8 25. Rfe1 d5 26. Bxb8 Rxb8 27. exd5 cxd5 28. c5 Rbd8 29. Rd2 Bg6 30. Qf4 Bf7 31. Rde2 Ng6 32. Qg3 Qa4 (32... Ne7 $14) 33. Nf5 $18 Rd7 $2 {[#]} (33... Rde8 34. Rxe8 Rxe8) 34. h4 {[%cal Bh3h4,Bh4h5,Bh5h6][%mdl 32] White is clearly winning.} Rfd8 35. h5 Nf8 36. h6 g5 37. b3 Qb4 {[#]} 38. a3 $1 {[%mdl 512]} Qxa3 39. Ne7+ Rxe7 40. Rxe7 Qb2 41. Qc7 {[%mdl 64] Double Attack. Accuracy: White = 70%, Black = 20%.} 1-0

[Event "S. A. Group BAN-chT 2018"]
[Site "Dhaka"]
[Date "2018.12.10"]
[Round "5"]
[White "Mohammad Fahad, Rahman"]
[Black "Mohammed, Mainuddin"]
[Result "1-0"]
[WhiteElo "2381"]
[BlackElo "1950"]
[Annotator "TA"]
[PlyCount "31"]
[EventDate "2018.12.07"]
[EventType "team-tourn"]
[EventCountry "BAN"]
[SourceTitle "playchess.com"]
[Source "ChessBase"]
[SourceQuality "1"]

{[%evp 12,31,21,8,47,60,65,63,73,71,128,75,126,124,216,229,395,389,2009,2009,1956,1860]} 1. e4 e5 2. Nf3 Nf6 3. d4 Nxe4 4. Bd3 d5 5. Nxe5 Bd6 6. O-O O-O 7. Nc3 {LiveBook: 17 Games. C43: Petroff Defence: 3 d4} Bxe5 8. dxe5 Nc5 9. Nxd5 {White is slightly better.} Nxd3 10. Qxd3 {Strongly threatening Rd1.} Nc6 $146 (10... c6 $142) ({Predecessor:} 10... Be6 11. Rd1 Nc6 12. Nf6+ gxf6 13. Qg3+ Kh8 {1-0 (13) Zufic,M (2466)-Terlevic,M (1841) Pula 2014}) 11. Bf4 ({Better is} 11. Rd1 Qh4 12. Be3) 11... Be6 ({Black should play} 11... Bf5 12. Qxf5 Qxd5) 12. c4 $16 Na5 (12... Re8 $16 {keeps fighting.}) 13. Qg3 $18 {[#] Hoping for Bh6.} Bxd5 $2 (13... Kh8 14. b3 Nc6) 14. Bg5 ({Much less strong is} 14. cxd5 Kh8 $18) 14... Qd7 $2 (14... Qxg5 15. Qxg5 Nxc4) 15. Bf6 {[%csl Gf6][%cal Rg3g7]} g6 16. Qg5 {Accuracy: White = 93%, Black = 18%.} 1-0

[Event "S. A. Group BAN-chT 2018"]
[Site "Dhaka"]
[Date "2018.12.10"]
[Round "5"]
[White "Abu Sufian, Shakil"]
[Black "Mihir Lal, Das"]
[Result "1-0"]
[WhiteElo "2230"]
[BlackElo "2010"]
[Annotator "TA"]
[PlyCount "89"]
[EventDate "2018.12.07"]
[EventType "team-tourn"]
[EventCountry "BAN"]
[SourceTitle "playchess.com"]
[Source "ChessBase"]
[SourceQuality "1"]

{[%evp 21,89,27,31,16,28,22,17,12,25,22,56,47,312,298,385,371,608,597,603,563,560,294,294,267,518,531,530,533,521,501,573,558,716,695,649,453,443,445,432,443,436,436,434,428,469,454,456,447,475,475,571,562,629,624,654,648,757,750,715,654,29976,29977,29981,29982,29981,29982,29983,29984,29985,29986]} 1. e4 d5 2. exd5 Qxd5 3. Nc3 Qa5 4. d4 c6 5. Nf3 Bf5 6. Bc4 e6 7. Bd2 Nf6 8. Nd5 Qd8 9. Nxf6+ Qxf6 10. Qe2 Bg4 11. O-O-O {B01: Scandinavian Defence} Be7 {LiveBook: 5 Games} (11... Nd7 12. d5 Ba3 13. c3 cxd5 14. Bxd5 O-O 15. Be4 Be7 16. h3 Bxf3 17. Qxf3 Nc5 18. Qxf6 Bxf6 {1-0 (51) Alekseev,E (2682)-Ghaem Maghami,E (2573) Baku 2012}) 12. Kb1 Nd7 $1 13. h3 {White has an edge.} Bxf3 $1 14. gxf3 O-O-O $146 ({Predecessor:} 14... Nb6 15. Bb3 O-O-O 16. Be3 Nd5 17. c4 Nf4 18. Bxf4 Qxf4 {1-0 (32) Brunier,J (2053)-Berkemer,R (1921) Vienna 2012}) 15. Rhg1 h6 16. Bc3 {And now d5 would win.} Bd6 $2 {[%mdl 8192]} (16... Nb6 $14) 17. d5 $18 Be5 18. dxc6 bxc6 $2 (18... Bxc3 19. Rxd7 Rxd7) 19. Ba6+ Kb8 {[#]} 20. Rxd7 $1 {[%mdl 512]} Bxc3 (20... Rxd7 21. Bxe5+) 21. Rxd8+ Rxd8 22. bxc3 Kc7 $2 (22... Qxc3 23. Qe3 Qxe3 24. fxe3 g6) 23. Qe3 Rb8+ 24. Kc1 Rb6 25. Bc4 g5 26. Rd1 Qe7 27. Qe5+ Kb7 28. Qd6 Qxd6 29. Rxd6 {[%mdl 4096] Endgame KRB-KR} Kc7 30. Rd1 Rb8 31. h4 Rg8 32. hxg5 Rxg5 33. Rh1 Rf5 34. Rh3 Kd6 35. Bd3 Ra5 36. Kb2 h5 37. f4 Rc5 {[#]} 38. f5 $1 exf5 39. Rxh5 Ke6 40. Kb3 a5 41. f4 {White mates.} Kf6 42. c4 Kg6 43. Rh1 Kf6 44. Kc3 Ke6 45. Kd4 {Accuracy: White = 81%, Black = 29%.} 1-0